000 00224 a2200097 4500
001 5460
100 _aMorgan,J
245 _aIntroduction to geometrical & physical optics
260 _a
_bMcGraw Hill
_c
090 _c4481
_d4481
942 _aNUST-CAE
_cM
_c30802
999 _c240533
_d240533